000 00957nam a2200301 i 4500
001 000045296
003 DO-SdBNP
005 20250218093409.0
007 ta
008 150225s1986 dr a 000 0 spa d
040 _aDO-SdBNP
_bspa
_cBNPHU
_erda
041 _hspa
082 _aRD861.44
_bA696v
_222
100 1 _aArias, Aurora,
_d1962-
_eautor
_924278
245 1 0 _aVivienda de Pájaro /
_cAurora Arias.
264 _aSanto Domingo :
_bLa Trulla Ediciones,
_c1986.
300 _a57 páginas :
_bilustraciones ;
_c18 cm.
336 _ardacontent
_btexto
_2txt
337 _ardamedia
_bsin mediación
_2n
338 _ardacarrier
_bvolumen
_2nc
500 _aIncluye datos biográficos de la autora en la solapa de la cubierta.
590 _aPerteneció a la biblioteca personal del Dr. Guaroa Ginebra H.
590 _aInventariado, 2025/DG
650 4 _aPoesía dominicana
650 4 _aLiteratura dominicana
910 _aDG
942 _2ddc
_cLBS1
999 _c44785
_d44785